| 000 | 01126nam a22003257a 4500 | ||
|---|---|---|---|
| 999 |
_c169281 _d169281 |
||
| 003 | OSt | ||
| 005 | 20180819161128.0 | ||
| 007 | ta | ||
| 008 | 180816b my ||||e |||| 00| 0 may d | ||
| 020 |
_a9789672166023 _cRM55.00 _qpaperback |
||
| 040 |
_aPPAK _beng _cPPAK _erda |
||
| 082 | 0 | 4 |
_223 _a305.235595 |
| 090 | 0 | 0 |
_a305.235595 _bGEJ _dG |
| 245 | 1 | 0 |
_aGEJALA SOSIAL DAN PENCEGAHAN DALAM KALANGAN REMAJA DI MALAYSIA / _cEditor : BALAN RATHAKRISHNAN, SYAIDATUN NAZIRAH ABU ZAHRIN, REZKI PERDANI SAWAI |
| 264 | 1 |
_aKota Kinabalu, Sabah : _bPenerbit Universiti Malaysia Sabah ; _c[2017?] |
|
| 264 | 4 | _c© 2017 | |
| 300 |
_axvii, 210 pages : _c25 cm |
||
| 336 |
_2rdacontent _atext |
||
| 337 |
_2rdamedia _aunmediated |
||
| 338 |
_2rdacarrier _avolume |
||
| 500 | _aIncludes glossary and indexes | ||
| 504 | _6Bibliography : pages 193-207 | ||
| 650 | 1 | 0 |
_aTeenagers _vMalaysia |
| 650 | 2 | 0 |
_aSocial case work with teenagers _vMalaysia |
| 650 | 2 | 0 | _aSocial problems |
| 700 | 0 |
_aBalan Rathakrishan, _eeditor. |
|
| 700 | 0 |
_aSyaidatun Nazirah Abu Zahrin, _eeditor. |
|
| 700 |
_aRezki Perdani Sawai, _eeditor |
||
| 942 |
_2ddc _cB |
||